| 000 | 00601cam a2200229 4500 | ||
|---|---|---|---|
| 001 | J110948 | ||
| 008 | 000000n2001 000 0 eng u | ||
| 035 | _a(Sirsi) u110948 | ||
| 050 | _a333.337 | ||
| 110 |
_aInsignia Richard Ellis _93847 |
||
| 245 | _aCentral London office monitor - fourth quarter 2000 | ||
| 260 |
_aLondon _bInsignia Richard Ellis _c2001 |
||
| 300 | _a1 sheet ; 30cm. | ||
| 650 | _aLONDON | ||
| 650 | _aOFFICES | ||
| 650 | _aCITY | ||
| 650 | _aWEST END OF LONDON | ||
| 650 | _aOFFICE SPACE | ||
| 650 | _aRENTS | ||
| 690 | _aPROPERTY-COMMERCIAL PROPERTY | ||
| 942 | _n0 | ||
| 999 |
_c101168 _d101168 |
||